000 00803nam a22002057a 4500
999 _c12034
_d12034
003 AR-CdUCM
008 190405b ||||| |||| 00| 0 spa d
040 _aMUNICIPALIDAD PROVINCIAL DEL CUSCO
_cBIBLIOTECA MUNICIPAL DEL CUSCO
082 _a330 /
_bG71 / 1924
100 _aGonzales del Riego, Manuel
_929689
245 _aLecciones de economía política /
260 _aLima :
_bE. rosay,
_c1924.
300 _a208 páginas ;
_c19 cm.
_bTablas.
505 _aContenido : Discurso preliminar plan de la obra -- Nociones preliminares definición, objeto y utilidad de la economía política -- La teoría del trabajo considerada en el sistema social ...
650 _aSociología
_9276
650 _aEconomía
_9382
650 _aPolítica
_9291
942 _2ddc
_cLIBROS
945 _arah
_d05/04/2019